[Event "Chigorin Memorial 17th"]
[Site "St Petersburg"]
[Date "2009.10.19"]
[Round "4"]
[White "Shchukin, Dmitry"]
[Black "Magomedov, Magaram"]
[Result "1/2-1/2"]
[WhiteElo "2368"]
[BlackElo "2532"]
[PlyCount "26"]
[EventDate "2009.10.16"]
[EventType "swiss"]
[EventRounds "9"]
[EventCountry "RUS"]
[SourceTitle "CBM 132 Extra"]
[Source "ChessBase"]
[SourceDate "2009.11.03"]
[SourceVersion "1"]
[SourceVersionDate "2009.11.03"]
[SourceQuality "1"]

1. Nf3 d5 2. g3 Bg4 3. Bg2 c6 4. 0-0 Nd7 5. d3 Ngf6 6. c4 dxc4 7. dxc4 e5 8. Be3 Qc7 9. Nc3 Bc5 10. Qc1 Bxf3 11. Bxf3 0-0 12. Rd1 Rfe8 13. Ne4 Nxe4 1/2-1/2

[Event "Chigorin Memorial 17th"]
[Site "St Petersburg"]
[Date "2009.10.18"]
[Round "3"]
[White "Magomedov, Magaram"]
[Black "Kaganskiy, Gleb"]
[Result "1-0"]
[WhiteElo "2532"]
[BlackElo "2248"]
[PlyCount "70"]
[EventDate "2009.10.16"]
[EventType "swiss"]
[EventRounds "9"]
[EventCountry "RUS"]
[SourceTitle "CBM 132 Extra"]
[Source "ChessBase"]
[SourceDate "2009.11.03"]
[SourceVersion "1"]
[SourceVersionDate "2009.11.03"]
[SourceQuality "1"]

1. d4 d5 2. c4 c6 3. Nf3 Nf6 4. Nc3 e6 5. e3 Nbd7 6. Bd3 dxc4 7. Bxc4 b5 8. Bd3 Bb7 9. a3 a6 10. b4 a5 11. Rb1 axb4 12. axb4 Nd5 13. Nxd5 exd5 14. e4 dxe4 15. Bxe4 Nf6 16. Bg5 Be7 17. Bxf6 Bxf6 18. 0-0 0-0 19. Qc2 g6 20. Bxc6 Rc8 21. d5 Bxc6 22. dxc6 Qe7 23. Rfc1 Rc7 24. Qc5 Qxc5 25. Rxc5 Rb8 26. g3 Rb6 27. Rbc1 Be7 28. Rd5 Rbxc6 29. Rxc6 Rxc6 30. Rxb5 Rc1+ 31. Kg2 Rb1 32. Rb8+ Kg7 33. b5 Rb2 34. Ne5 Bf6 35. Nc4 Rb4 1-0

[Event "Baku op-A"]
[Site "Baku"]
[Date "2005.10.26"]
[Round "3"]
[White "Azaladze, Shota"]
[Black "Magomedov, Magaram"]
[Result "0-1"]
[WhiteElo "2358"]
[BlackElo "2565"]
[PlyCount "44"]
[EventDate "2005.10.24"]
[EventType "swiss"]
[EventRounds "9"]
[EventCountry "AZE"]
[SourceTitle "EXT 2006"]
[Source "ChessBase"]
[SourceDate "2005.11.24"]
[SourceVersion "1"]
[SourceVersionDate "2005.11.24"]
[SourceQuality "1"]

1. Nf3 d5 2. c4 e6 3. g3 Nf6 4. Bg2 Be7 5. 0-0 0-0 6. d4 c6 7. b3 a5 8. a4 Nbd7 9. Bb2 Ne4 10. Nbd2 f5 11. e3 Bf6 12. Qc2 Kh8 13. Rfd1 b6 14. Ne5 Bxe5 15. dxe5 Qe8 16. cxd5 cxd5 17. Ba3 Rf7 18. f4 Ba6 19. Bxe4 fxe4 20. Rdc1 Nc5 21. Bxc5 Rc7 22. Qd1 bxc5 0-1

[Event "Baku op-A"]
[Site "Baku"]
[Date "2005.10.25"]
[Round "2"]
[White "Magomedov, Magaram"]
[Black "Zarkua, Davit"]
[Result "1/2-1/2"]
[WhiteElo "2565"]
[BlackElo "2333"]
[PlyCount "87"]
[EventDate "2005.10.24"]
[EventType "swiss"]
[EventRounds "9"]
[EventCountry "AZE"]
[SourceTitle "EXT 2006"]
[Source "ChessBase"]
[SourceDate "2005.11.24"]
[SourceVersion "1"]
[SourceVersionDate "2005.11.24"]
[SourceQuality "1"]

1. e4 c6 2. c4 d5 3. exd5 cxd5 4. cxd5 Nf6 5. Nc3 Nxd5 6. Bc4 Nb6 7. Bb3 Nc6 8. Nf3 g6 9. Ng5 e6 10. d3 Bg7 11. 0-0 Nd4 12. Nge4 0-0 13. Bg5 f6 14. Be3 Kh8 15. Rc1 f5 16. Bxd4 Bxd4 17. Nd2 Bf6 18. Nf3 e5 19. Re1 Re8 20. Nb5 Re7 21. Qc2 Bd7 22. Nd6 Ba4 23. Qc5 Bxb3 24. axb3 e4 25. dxe4 fxe4 26. Rxe4 Rc8 27. Nxc8 Rxe4 28. Nxa7 Bxb2 29. Rf1 Bf6 30. Nb5 Re6 31. h3 Rc6 32. Qe3 Nd5 33. Qa7 Qb6 34. Qa4 Qa6 35. Rd1 Qxa4 36. bxa4 Nb6 37. Nd6 Nxa4 38. Nxb7 Nc3 39. Rd7 Ne4 40. Nd8 Rc1+ 41. Kh2 Nxf2 42. Ne6 Kg8 43. Neg5 h6 44. Nf7 1/2-1/2

[Event "RUS-ch sf 58th"]
[Site "Kazan"]
[Date "2005.09.05"]
[Round "3"]
[White "Obolenskikh, Dmitry Aleksandrovi"]
[Black "Magomedov, Magaram"]
[Result "1/2-1/2"]
[WhiteElo "2437"]
[BlackElo "2565"]
[PlyCount "81"]
[EventDate "2005.09.03"]
[EventType "swiss"]
[EventRounds "9"]
[EventCountry "RUS"]
[SourceTitle "CBM 109"]
[Source "ChessBase"]
[SourceDate "2005.11.14"]
[SourceVersion "1"]
[SourceVersionDate "2005.11.14"]
[SourceQuality "1"]

1. e4 c5 2. Nf3 d6 3. d4 cxd4 4. Nxd4 Nf6 5. Nc3 Nc6 6. f3 e5 7. Nb3 Be6 8. Nd5 Be7 9. c4 0-0 10. Be3 Nd7 11. Qd2 Nc5 12. Be2 Bxd5 13. cxd5 Nxb3 14. axb3 Nd4 15. Bxd4 exd4 16. Bd3 f5 17. exf5 Bg5 18. f4 Re8+ 19. Kf2 Bf6 20. Rhe1 Re3 21. Rxe3 dxe3+ 22. Qxe3 Bxb2 23. Rxa7 Rxa7 24. Qxa7 b6 25. Qa4 Bf6 26. Qe4 h6 27. Kf3 Qc7 28. Kg4 Kh7 29. b4 Qc1 30. Qe2 Qg1 31. g3 Qd4 32. Bb5 Qxd5 33. Be8 Kh8 34. Bg6 Qa8 35. Kh5 d5 36. g4 Qd8 37. Qd2 d4 38. g5 Be7 39. b5 d3 40. f6 gxf6 41. Qxd3 1/2-1/2

[Event "Cappelle op 21st"]
[Site "Cappelle la Grande"]
[Date "2005.02.18"]
[Round "8"]
[White "Bobras, Piotr"]
[Black "Magomedov, Magaram"]
[Result "1-0"]
[WhiteElo "2481"]
[BlackElo "2575"]
[PlyCount "73"]
[EventDate "2005.02.12"]
[EventType "swiss"]
[EventRounds "9"]
[EventCountry "FRA"]
[SourceTitle "EXT 2006"]
[Source "ChessBase"]
[SourceDate "2005.11.24"]
[SourceVersion "1"]
[SourceVersionDate "2005.11.24"]
[SourceQuality "1"]

1. e4 e5 2. Nf3 Nc6 3. Bb5 Bc5 4. c3 d6 5. d4 exd4 6. cxd4 Bb4+ 7. Bd2 Bxd2+ 8. Nbxd2 Bd7 9. d5 Nce7 10. Qb3 c6 11. dxc6 bxc6 12. Bc4 Nh6 13. 0-0 0-0 14. h3 Kh8 15. Qa3 c5 16. Rad1 f5 17. e5 Bc6 18. exd6 Qxd6 19. Rfe1 Ng6 20. Re6 Qd7 21. Rde1 Bd5 22. Rxg6 Bxf3 23. Rxh6 Qxd2 24. Rhe6 Be4 25. Qc3 Qxc3 26. bxc3 Rad8 27. Re5 h6 28. Re3 Rd1+ 29. Kh2 Rd2 30. f3 Bb1 31. Re2 Rxe2 32. Rxe2 Rd8 33. Rb2 Rd1 34. h4 Bd3 35. Rb8+ Kh7 36. Rd8 Bc2 37. Bg8+ 1-0

[Event "Moscow Aeroflot op"]
[Site "Moscow"]
[Date "2002.02.09"]
[Round "7"]
[White "Iskusnyh, Sergei"]
[Black "Magomedov, Magaram"]
[Result "0-1"]
[WhiteElo "2514"]
[BlackElo "2596"]
[PlyCount "48"]
[EventDate "2002.02.04"]
[EventType "swiss"]
[EventRounds "9"]
[EventCountry "RUS"]
[SourceTitle "CBM 088"]
[Source "ChessBase"]
[SourceDate "2002.03.21"]
[SourceVersion "1"]
[SourceVersionDate "2002.03.21"]
[SourceQuality "1"]

1. d4 d5 2. c4 c6 3. Nf3 Nf6 4. Nc3 a6 5. cxd5 cxd5 6. Bg5 Nc6 7. e3 e6 8. Bd3 Be7 9. 0-0 0-0 10. Rc1 Bd7 11. Ne5 Rc8 12. f4 g6 13. Bh6 Re8 14. Qf3 b5 15. a3 Na5 16. Qg3 Nh5 17. Qh3 Nc4 18. g4 Nf6 19. g5 Nh5 20. Bxc4 dxc4 21. Rcd1 Bd6 22. Ne4 Bc6 23. Ng3 Nxg3 24. hxg3 Be4 0-1

[Event "Hoogeveen Essent op"]
[Site "Hoogeveen"]
[Date "2001.10.20"]
[Round "9"]
[White "Magomedov, Magaram"]
[Black "Jens, Jelmer"]
[Result "1-0"]
[WhiteElo "2608"]
[BlackElo "2318"]
[PlyCount "59"]
[EventDate "2001.10.12"]
[EventType "swiss"]
[EventRounds "9"]
[EventCountry "NED"]
[SourceTitle "CBM 084 Extra"]
[Source "ChessBase"]
[SourceDate "2001.10.26"]
[SourceVersion "1"]
[SourceVersionDate "2001.10.26"]
[SourceQuality "1"]

1. Nf3 Nf6 2. g3 g6 3. Bg2 Bg7 4. 0-0 0-0 5. d3 d6 6. c4 e5 7. Nc3 Nc6 8. Rb1 a5 9. a3 h6 10. b4 axb4 11. axb4 Be6 12. b5 Ne7 13. Bb2 Qd7 14. Re1 Bh3 15. Bh1 Ng4 16. d4 exd4 17. Nxd4 Ne5 18. Qb3 Rab8 19. Rbd1 b6 20. f4 Ng4 21. e4 Rbe8 22. Nd5 Kh8 23. Bc3 f5 24. Nxc7 Rc8 25. Nce6 Rf6 26. Nxg7 Kxg7 27. e5 dxe5 28. fxe5 Rff8 29. e6 Qc7 30. Nc6+ 1-0

[Event "Hoogeveen Essent op"]
[Site "Hoogeveen"]
[Date "2001.10.15"]
[Round "4"]
[White "Visser, Yge"]
[Black "Magomedov, Magaram"]
[Result "1/2-1/2"]
[WhiteElo "2453"]
[BlackElo "2608"]
[PlyCount "71"]
[EventDate "2001.10.12"]
[EventType "swiss"]
[EventRounds "9"]
[EventCountry "NED"]
[SourceTitle "CBM 084 Extra"]
[Source "ChessBase"]
[SourceDate "2001.10.26"]
[SourceVersion "1"]
[SourceVersionDate "2001.10.26"]
[SourceQuality "1"]

1. Nf3 d5 2. g3 Bg4 3. Bg2 Nd7 4. 0-0 e5 5. d3 Ngf6 6. h3 Bh5 7. Qe1 Bc5 8. e4 dxe4 9. dxe4 Bxf3 10. Bxf3 0-0 11. a4 a5 12. Nd2 c6 13. Nc4 Qc7 14. Bd2 b6 15. c3 Rfe8 16. Qb1 Nf8 17. b4 axb4 18. cxb4 Bd4 19. Ra2 Ne6 20. Rc1 Qd7 21. h4 b5 22. axb5 cxb5 23. Ne3 Bxe3 24. Bxe3 Nd4 25. Bxd4 Qxd4 26. Rd1 Qc3 27. Rxa8 Rxa8 28. Be2 Qc6 29. Qd3 g6 30. Qd6 Qxd6 31. Rxd6 Nxe4 32. Rd5 Ra1+ 33. Kg2 Ra2 34. Rxe5 Rxe2 35. Kf3 Nxg3 36. Rxb5 1/2-1/2

[Event "MK Cafe Cup-A"]
[Site "Koszalin"]
[Date "1999.08.13"]
[Round "10"]
[White "Magomedov, Magaram"]
[Black "Urban, Klaudiusz"]
[Result "0-1"]
[WhiteElo "2604"]
[BlackElo "2463"]
[PlyCount "72"]
[EventDate "1999.08.03"]
[EventType "swiss"]
[EventRounds "9"]
[EventCountry "POL"]
[SourceTitle "CBM 073"]
[Source "ChessBase"]
[SourceDate "1999.12.01"]
[SourceVersion "1"]
[SourceVersionDate "1999.12.01"]
[SourceQuality "1"]

1. e4 g6 2. d4 Bg7 3. Nc3 d6 4. Be3 a6 5. Nf3 b5 6. Bd3 Bb7 7. e5 Nd7 8. e6 fxe6 9. Ng5 Nf8 10. 0-0 Nf6 11. Re1 Qd7 12. Bd2 h6 13. Nf3 Rc8 14. a4 b4 15. Ne4 Nxe4 16. Bxe4 Bxe4 17. Rxe4 a5 18. c3 c5 19. Qe1 cxd4 20. cxb4 e5 21. b5 Ne6 22. b4 axb4 23. b6 Nc5 24. a5 0-0 25. Bxb4 Nxe4 26. Qxe4 Qb5 27. Bd2 d5 28. Qxg6 Rc6 29. Qg4 e4 30. Ne5 e3 31. fxe3 dxe3 32. Nxc6 exd2 33. Nxe7+ Kh7 34. Qg6+ Kh8 35. Nf5 Qc5+ 36. Kf1 Qc1+ 0-1

[Event "MK Cafe Cup-A"]
[Site "Koszalin"]
[Date "1999.08.11"]
[Round "8"]
[White "Magomedov, Magaram"]
[Black "Nikolaidis, Ioannis"]
[Result "0-1"]
[WhiteElo "2604"]
[BlackElo "2505"]
[PlyCount "112"]
[EventDate "1999.08.03"]
[EventType "swiss"]
[EventRounds "9"]
[EventCountry "POL"]
[SourceTitle "CBM 073"]
[Source "ChessBase"]
[SourceDate "1999.12.01"]
[SourceVersion "1"]
[SourceVersionDate "1999.12.01"]
[SourceQuality "1"]

1. e4 d6 2. d4 Nf6 3. Nc3 c6 4. f4 Qa5 5. Bd3 e5 6. Nf3 Bg4 7. dxe5 dxe5 8. h3 Bxf3 9. Qxf3 exf4 10. 0-0 Nbd7 11. Qxf4 Qe5 12. Ne2 Bd6 13. Qf3 Qh2+ 14. Kf2 Bc5+ 15. Be3 Bxe3+ 16. Qxe3 Qe5 17. Kg1 Qc5 18. Nd4 Ne5 19. b4 Qb6 20. Rf5 Neg4 21. hxg4 Nxg4 22. Qe1 Qxd4+ 23. Kh1 g6 24. Rf4 Ne5 25. Rd1 0-0-0 26. b5 cxb5 27. Qa5 a6 28. a4 Qxa4 29. Qc3+ Nc6 30. Rf6 Kb8 31. Rxc6 bxc6 32. Qxc6 Qa5 33. Rb1 Ka7 34. Qc5+ Qb6 35. Qe7+ Kb8 36. Qa3 Rd7 37. c4 Rhd8 38. Be2 Rd2 39. Bf3 g5 40. cxb5 R8d6 41. Bg4 Qf2 42. bxa6+ Ka7 43. Bh3 Rd1+ 44. Rxd1 Rxd1+ 45. Kh2 Qf4+ 46. g3 Qf2+ 47. Bg2 Rd2 48. Qe7+ Kxa6 49. Qa3+ Kb5 50. Qb3+ Kc6 51. Qc4+ Kd6 52. Qb4+ Ke6 53. Qc4+ Kf6 54. Qc3+ Kg6 55. Qc6+ Kg7 56. e5 h5 0-1

[Event "MK Cafe Cup-A"]
[Site "Koszalin"]
[Date "1999.08.05"]
[Round "3"]
[White "Prokopchuk, Evgeny"]
[Black "Magomedov, Magaram"]
[Result "1/2-1/2"]
[WhiteElo "2470"]
[BlackElo "2604"]
[PlyCount "35"]
[EventDate "1999.08.03"]
[EventType "swiss"]
[EventRounds "9"]
[EventCountry "POL"]
[SourceTitle "CBM 073"]
[Source "ChessBase"]
[SourceDate "1999.12.01"]
[SourceVersion "1"]
[SourceVersionDate "1999.12.01"]
[SourceQuality "1"]

1. d4 d5 2. Nf3 Nf6 3. c4 c6 4. Nc3 dxc4 5. a4 Bf5 6. Nh4 e6 7. Nxf5 exf5 8. e3 Bb4 9. Bxc4 0-0 10. 0-0 Nbd7 11. Qb3 a5 12. Bd2 g6 13. Rad1 Qc7 14. h3 Nb6 15. Be2 Rfe8 16. Rfe1 Rad8 17. Bf1 h5 18. Nb1 1/2-1/2

[Event "MK Cafe Cup-A"]
[Site "Koszalin"]
[Date "1999.08.03"]
[Round "1"]
[White "Brodsky, Michail"]
[Black "Magomedov, Magaram"]
[Result "1/2-1/2"]
[WhiteElo "2512"]
[BlackElo "2604"]
[PlyCount "61"]
[EventDate "1999.08.03"]
[EventType "swiss"]
[EventRounds "9"]
[EventCountry "POL"]
[SourceTitle "CBM 073"]
[Source "ChessBase"]
[SourceDate "1999.12.01"]
[SourceVersion "1"]
[SourceVersionDate "1999.12.01"]
[SourceQuality "1"]

1. e4 e5 2. Nf3 Nc6 3. Bb5 Nf6 4. 0-0 Nxe4 5. d4 Be7 6. Qe2 Nd6 7. Bxc6 bxc6 8. dxe5 Nb7 9. Nc3 0-0 10. Re1 Nc5 11. Be3 Ne6 12. Rad1 d5 13. exd6 cxd6 14. Nd4 Nxd4 15. Bxd4 Re8 16. Qe3 Bf5 17. Qd2 Bf8 18. Ne2 d5 19. Be3 a5 20. Nd4 Bd7 21. Nb3 a4 22. Nc5 Bf5 23. b4 axb3 24. cxb3 Bd6 25. h3 Qf6 26. b4 Qg6 27. Kh1 Qh5 28. Bf4 Bxc5 29. bxc5 h6 30. Rxe8+ Rxe8 31. Re1 1/2-1/2

[Event "Dushanbe "]
[Site "Dushanbe"]
[Date "1997.??.??"]
[Round "?"]
[White "Magomedov, Magaram"]
[Black "Isaev, Jamshed"]
[Result "1-0"]
[WhiteElo "2505"]
[BlackElo "2445"]
[PlyCount "53"]
[EventDate "1997.??.??"]
[EventType "game"]
[EventRounds "1"]
[EventCountry "TJK"]
[SourceTitle "EXT 2010"]
[Source "ChessBase"]
[SourceDate "2010.11.25"]
[SourceVersion "1"]
[SourceVersionDate "2010.11.25"]
[SourceQuality "1"]

1. e4 e5 2. Nf3 Nc6 3. Bb5 a6 4. Ba4 Nf6 5. 0-0 Be7 6. Re1 b5 7. Bb3 d6 8. c3 0-0 9. h3 Re8 10. d4 Bb7 11. Nbd2 Bf8 12. d5 Nb8 13. Nf1 Nbd7 14. Ng3 Nc5 15. Bc2 c6 16. b4 Ncd7 17. dxc6 Bxc6 18. Bb3 h6 19. Nh2 Nb6 20. Ng4 Nc4 21. Nf5 Nxe4 22. Qf3 d5 23. Rxe4 dxe4 24. Nfxh6+ gxh6 25. Nf6+ Kg7 26. Bxh6+ Kg6 27. Qg4+ 1-0

[Event "Dushanbe"]
[Site "Dushanbe"]
[Date "1997.??.??"]
[Round "?"]
[White "Mamadshoev, Marat"]
[Black "Magomedov, Magaram"]
[Result "0-1"]
[WhiteElo "2425"]
[BlackElo "2505"]
[PlyCount "30"]
[EventDate "1997.??.??"]
[EventType "game"]
[EventRounds "1"]
[EventCountry "TJK"]
[SourceTitle "EXT 2010"]
[Source "ChessBase"]
[SourceDate "2010.11.25"]
[SourceVersion "1"]
[SourceVersionDate "2010.11.25"]
[SourceQuality "1"]

1. d4 Nf6 2. c4 c5 3. e3 cxd4 4. exd4 d5 5. Nc3 Nc6 6. Bg5 Be6 7. a3 Qd7 8. Be2 0-0-0 9. Bf3 dxc4 10. Bxf6 gxf6 11. d5 Ne5 12. dxe6 Qxe6 13. Qe2 Bh6 14. Qe4 Qb6 15. Nge2 Nd3+ 0-1

[Event "Olympiad-32"]
[Site "Yerevan"]
[Date "1996.09.28"]
[Round "12.1"]
[White "Magomedov, Magaram"]
[Black "Khachiyan, Melikset"]
[Result "1-0"]
[WhiteElo "2460"]
[BlackElo "2480"]
[PlyCount "101"]
[EventDate "1996.09.15"]
[EventType "team-swiss"]
[EventRounds "14"]
[EventCountry "ARM"]
[SourceTitle "CBM 055"]
[Source "ChessBase"]
[SourceDate "1996.12.01"]
[SourceVersion "1"]
[SourceVersionDate "1996.12.01"]
[SourceQuality "1"]
[WhiteTeam "Tajikistan"]
[BlackTeam "Armenia II"]
[WhiteTeamCountry "TJK"]
[BlackTeamCountry "ARM"]

1. e4 e5 2. Nf3 Nc6 3. d4 exd4 4. Nxd4 Nf6 5. Nxc6 bxc6 6. e5 Qe7 7. Qe2 Nd5 8. c4 Ba6 9. g3 f6 10. e6 dxe6 11. Bg2 Kf7 12. 0-0 Rd8 13. b3 g6 14. Re1 Bg7 15. Ba3 Qd7 16. Nd2 Rhe8 17. Ne4 f5 18. Nc5 Qd6 19. Rac1 Nc3 20. Qf3 Bd4 21. Nxe6 Qxa3 22. Nxd8+ Rxd8 23. Rxc3 Bxc3 24. Qxc3 Qc5 25. Qc1 Bc8 26. Qh6 Kg8 27. Qg5 Rf8 28. Re7 Qd6 29. Qe3 f4 30. gxf4 a5 31. h3 Rf7 32. Re8+ Rf8 33. Qe7 Qxe7 34. Rxe7 Rf7 35. Re8+ Rf8 36. Re5 Rf5 37. h4 Rxe5 38. fxe5 c5 39. Be4 Kf7 40. Kg2 Bg4 41. f3 Bd7 42. Kg3 Kg7 43. Kf4 Be6 44. h5 Kh6 45. hxg6 hxg6 46. Bd5 Bd7 47. e6 Be8 48. Ke5 Kg7 49. f4 a4 50. Be4 a3 51. Bd5 1-0

[Event "Olympiad-32"]
[Site "Yerevan"]
[Date "1996.09.24"]
[Round "8.1"]
[White "Magomedov, Magaram"]
[Black "Stanec, Nikolaus"]
[Result "0-1"]
[WhiteElo "2460"]
[BlackElo "2505"]
[PlyCount "92"]
[EventDate "1996.09.15"]
[EventType "team-swiss"]
[EventRounds "14"]
[EventCountry "ARM"]
[SourceTitle "CBM 055"]
[Source "ChessBase"]
[SourceDate "1996.12.01"]
[SourceVersion "1"]
[SourceVersionDate "1996.12.01"]
[SourceQuality "1"]
[WhiteTeam "Tajikistan"]
[BlackTeam "Austria"]
[WhiteTeamCountry "TJK"]
[BlackTeamCountry "AUT"]

1. e4 c6 2. d4 d5 3. Nd2 g6 4. Ngf3 Bg7 5. Bd3 dxe4 6. Nxe4 Bg4 7. c3 Nd7 8. h3 Bxf3 9. Qxf3 Ngf6 10. Nxf6+ Nxf6 11. 0-0 0-0 12. Re1 Re8 13. Bf4 Qd5 14. Qe2 e6 15. a4 a5 16. Qc2 Qd7 17. Be5 Nd5 18. Bxg7 Kxg7 19. Re5 Qe7 20. Rae1 Qf6 21. g3 Red8 22. h4 h5 23. Be4 Rd7 24. Qe2 Ne7 25. Kg2 Kf8 26. Rd1 Nd5 27. Rd3 Qg7 28. Bf3 Ne7 29. Be4 Nd5 30. Kg1 Nf6 31. Bf3 Ne8 32. c4 Nd6 33. b3 Nf5 34. d5 Rad8 35. Bg2 Ne7 36. Rf3 cxd5 37. Rxe6 Nc6 38. Ref6 Nd4 39. Qe3 Nxf3+ 40. Qxf3 d4 41. Bh3 Re7 42. c5 d3 43. Rd6 Re1+ 44. Kh2 Rxd6 45. cxd6 d2 46. Qxb7 Qf6 0-1

[Event "Olympiad-32"]
[Site "Yerevan"]
[Date "1996.09.20"]
[Round "5.1"]
[White "Bouaziz, Slim"]
[Black "Magomedov, Magaram"]
[Result "1/2-1/2"]
[WhiteElo "2410"]
[BlackElo "2460"]
[PlyCount "30"]
[EventDate "1996.09.15"]
[EventType "team-swiss"]
[EventRounds "14"]
[EventCountry "ARM"]
[SourceTitle "CBM 055"]
[Source "ChessBase"]
[SourceDate "1996.12.01"]
[SourceVersion "1"]
[SourceVersionDate "1996.12.01"]
[SourceQuality "1"]
[WhiteTeam "Tunisia"]
[BlackTeam "Tajikistan"]
[WhiteTeamCountry "TUN"]
[BlackTeamCountry "TJK"]

1. d4 d5 2. Nf3 c5 3. c4 e6 4. cxd5 exd5 5. Nc3 Nc6 6. g3 Nf6 7. Bg2 Be7 8. 0-0 0-0 9. dxc5 Bxc5 10. Bg5 d4 11. Bxf6 Qxf6 12. Nd5 Qd8 13. Nd2 Re8 14. Re1 Bb6 15. Nxb6 Qxb6 1/2-1/2

[Event "Olympiad-32"]
[Site "Yerevan"]
[Date "1996.09.17"]
[Round "2.1"]
[White "Magomedov, Magaram"]
[Black "Hamdouchi, Hicham"]
[Result "1/2-1/2"]
[WhiteElo "2460"]
[BlackElo "2495"]
[PlyCount "43"]
[EventDate "1996.09.15"]
[EventType "team-swiss"]
[EventRounds "14"]
[EventCountry "ARM"]
[SourceTitle "CBM 055"]
[Source "ChessBase"]
[SourceDate "1996.12.01"]
[SourceVersion "1"]
[SourceVersionDate "1996.12.01"]
[SourceQuality "1"]
[WhiteTeam "Tajikistan"]
[BlackTeam "Morocco"]
[WhiteTeamCountry "TJK"]
[BlackTeamCountry "MAR"]

1. e4 c5 2. c3 d5 3. exd5 Qxd5 4. d4 Nc6 5. Nf3 Bg4 6. Be2 cxd4 7. cxd4 e6 8. Nc3 Qa5 9. h3 Bh5 10. 0-0 Nf6 11. Be3 Bd6 12. a3 0-0 13. Qb3 Rab8 14. Rac1 a6 15. Rfd1 Ne7 16. Bd2 Bxf3 17. Bxf3 Qf5 18. Qc2 Qxc2 19. Rxc2 h6 20. g3 Rfc8 21. Rdc1 Kf8 22. Ne2 1/2-1/2

[Event "Asia-ch"]
[Site "Dubai"]
[Date "1996.??.??"]
[Round "?"]
[White "Magomedov, Magaram"]
[Black "Safin, Shukhrat"]
[Result "1-0"]
[WhiteElo "2460"]
[BlackElo "2510"]
[PlyCount "72"]
[EventDate "1996.??.??"]
[EventType "swiss"]
[EventRounds "9"]
[EventCountry "UAE"]
[SourceTitle "EXT 1999"]
[Source "ChessBase"]
[SourceDate "1998.11.16"]
[SourceVersion "1"]
[SourceVersionDate "1998.11.16"]
[SourceQuality "1"]

1. e4 e5 2. Nf3 Nc6 3. Bb5 a6 4. Ba4 d6 5. 0-0 Nge7 6. c3 Ng6 7. d4 Bd7 8. Nbd2 Be7 9. Bc2 0-0 10. d5 Nb8 11. c4 a5 12. Rb1 Bg5 13. Nxg5 Qxg5 14. g3 Qe7 15. a3 a4 16. Re1 Qe8 17. Nf1 f5 18. exf5 Bxf5 19. Bxf5 Rxf5 20. Nd2 Nd7 21. Ne4 Qe7 22. Be3 b6 23. Qg4 Raf8 24. h4 Nc5 25. Bxc5 bxc5 26. h5 Nh8 27. b4 axb3 28. Rxb3 Qf7 29. Re2 Qxh5 30. Qxh5 Rxh5 31. Rb7 Rc8 32. a4 Rf5 33. a5 Rff8 34. a6 Ng6 35. a7 Ra8 36. Reb2 Ne7 1-0

[Event "Asia-ch"]
[Site "Dubai"]
[Date "1996.??.??"]
[Round "?"]
[White "Magomedov, Magaram"]
[Black "Tu, Hoang Thong"]
[Result "0-1"]
[WhiteElo "2460"]
[BlackElo "2475"]
[PlyCount "140"]
[EventDate "1996.??.??"]
[EventType "swiss"]
[EventRounds "9"]
[EventCountry "UAE"]
[SourceTitle "EXT 1999"]
[Source "ChessBase"]
[SourceDate "1998.11.16"]
[SourceVersion "1"]
[SourceVersionDate "1998.11.16"]
[SourceQuality "1"]

1. e4 e5 2. Nf3 Nc6 3. Bb5 Nf6 4. 0-0 Nxe4 5. d4 Nd6 6. Bxc6 dxc6 7. dxe5 Nf5 8. Qxd8+ Kxd8 9. Nc3 Ke8 10. b3 a5 11. Bb2 Bb4 12. Ne2 a4 13. Bc3 Be7 14. Nf4 h5 15. Nd3 b6 16. Nb2 a3 17. Nd3 Rh6 18. Bd2 Rh8 19. Rfe1 c5 20. e6 f6 21. Bf4 Ra7 22. h3 g5 23. Bh2 g4 24. hxg4 hxg4 25. Nd2 Nd4 26. Rac1 Nxe6 27. Nc4 Kf7 28. Ne3 Nd4 29. c3 Nb5 30. Nd5 Bd8 31. N3f4 c6 32. Ne3 Re7 33. Ne2 Rhe8 34. Red1 Bc7 35. Bxc7 Nxc7 36. c4 Na6 37. Rd6 Nb4 38. Kf1 Rd7 39. Rxd7+ Bxd7 40. Nc3 g3 41. Rd1 Bc8 42. Rd2 f5 43. Ne2 Kf6 44. Nd1 gxf2 45. Kxf2 Be6 46. Ndc3 Rb8 47. Na4 Ke7 48. Nec3 Na6 49. Nb1 b5 50. Nac3 bxc4 51. bxc4 Bxc4 52. Nxa3 Be6 53. Re2 Kf6 54. Nab1 Nb4 55. Nd2 Nxa2 56. Na4 Rb5 57. Nf3 Bb3 58. Nb2 Nc3 59. Re1 Bd5 60. Nd3 Be4 61. Nf4 Rb2+ 62. Kg3 Nd5 63. Ne2 c4 64. Ned4 c5 65. Ne2 c3 66. Nfg1 Rd2 67. Rc1 c2 68. Kf2 Rd1 69. Nf3 Nb4 70. Ne1 Bd3 0-1

[Event "Cappelle op 11th"]
[Site "Cappelle la Grande"]
[Date "1995.??.??"]
[Round "6"]
[White "Bouton, Christophe"]
[Black "Magomedov, Magaram"]
[Result "1/2-1/2"]
[WhiteElo "2260"]
[BlackElo "2455"]
[PlyCount "54"]
[EventDate "1995.03.??"]
[EventType "swiss"]
[EventRounds "9"]
[EventCountry "FRA"]
[SourceTitle "EXT 1997"]
[Source "ChessBase"]
[SourceDate "1996.11.15"]
[SourceVersion "1"]
[SourceVersionDate "1996.11.15"]
[SourceQuality "1"]

1. d4 d5 2. Nf3 c5 3. c4 e6 4. cxd5 exd5 5. Nc3 Nc6 6. g3 Nf6 7. Bg2 Be7 8. 0-0 0-0 9. b3 Bg4 10. dxc5 Bxc5 11. Bb2 Qd7 12. Rc1 Be7 13. Nd4 Rfe8 14. Re1 Rac8 15. Nxc6 bxc6 16. Qd2 d4 17. Ne4 Nxe4 18. Bxe4 c5 19. Qd3 g6 20. Bf3 Bxf3 21. Qxf3 Bg5 22. Rcd1 Qc6 23. Qxc6 Rxc6 24. Bc1 Bf6 25. e3 Rd8 26. Rd3 a5 27. Ba3 Rdc8 1/2-1/2